Регионална библиотека "Любен Каравелов" - Русе

Пятнадцать этюдов (Запис номер 353539)

MARC детайли
000 -Лидер
Контролно поле с фиксирана дължина ncm a22 a 4500
003 - Код на организацията, давaща контролен номер
Контролно поле BLK
005 - Дата и час на последна редакция
Контролно поле 20200410165020.0
008 - Елементи от данни с фиксирана дължина
fixed length control field 180414b bul |a|er|||| |0| c|bulo|
010 ## - Наследен системен номер
LC control number NOT00002565000
040 ## - Източник на каталожния запис
Идентификатор на билиотеката - собственик на записа BLK
041 ## - Код за език
Код за езика на текст/звукозапис или на отделно заглавие Руски
Код за езика КДБФ Руски
080 ## - УДК
Текстов определител УДК Кларинет. Етюди, гами, учебна литература
УДК код - определител по УДК 788.6.087.5
УДК определител 788.6.087.5
100 ## - Редна дума - Автор
R(LIN) 404560
Автор Клозе, Гиацинт Элеонор
Авторска отговорност първи автор
139 ## - Редно поле
Редна дума Клозе, Гиацинт Элеонор
Авторски знак Клис - К 66
245 10 - Сведения за заглавието
Заглавие Пятнадцать этюдов
Редно поле (дума) Гиацинт Элеонор Клозе
Подзаглавни данни для кларнета
254 ## - Сведения за формата на нотното издание
Формат на описваните ноти Клавир
257 ## - Страна на издаване
Страна на създаване/издаване Русия
260 ## - Област на издателските данни
Име на издателя, разпространителя и проч. Музыка
Година на издаване 1986
Място на издаване, разпространение и проч. Москва
300 ## - Физическа характеристика
Страници 30 с.
Размери/Мащаб 29 см
380 ## - Жанр
Жанр Изкуство
650 #0 - Допълнително описание по предмет – тема
Основно описание – тема или топоним Кларинет - етюди, гами
9 (RLIN) 353811
653 #7 - Ключова дума – ненормативна
Ключова дума етюди
9 (RLIN) 186510
852 ## - Местоположение
Форматна сигнатура Цб М ІІ 10356
856 4# - Електронен адрес и достъп
Електронен формат pdf - файл
Път до файла /url/
856 4# - Електронен адрес и достъп
Електронен формат pdf - файл
Път до файла /url/
999 ## - СИСТЕМНИ КОНТРОЛНИ НОМЕРА
Koha biblionumber 353539
Koha biblioitemnumber 353539
942 ## - АРТИКУЛИ
Вид на библиотечния материал Нотни издания
Скрит в OPAC Не
Периодичен библиозапис Да
944 ## - СЪЗДАВАНЕ И РЕДАКЦИЯ на ЗАПИСА
Създаване/Редакция Създаване
Дата на регистрацията/редакция 2020-04-10
Служител, извършил регистрацията/редакцията Ренета Константинова
999 ## - СИСТЕМНИ КОНТРОЛНИ НОМЕРА
Koha biblioitemnumber 353532
Наличности
Код за отписване Код за изгубен артикул Източник на класификационната схема Код за повреда Коз за рестрикции Код за отдаване Артикулен № Име на библиотеката - собственик Име на библиотеката, в която се намира в момента Статус (Текущо местоположение) Дата на вписване в системата Местоположение - отдел Цена в лева Инвентарен номер Систематично азбучна сигнатура Баркод Цена в евро Служебен тип на артикула
  Не е изгубен Universal Decimal Classification Не е повреден без рестрикции заемане за дома 761001 Регионална библиотека "Любен Каравелов" Русе Регионална библиотека "Любен Каравелов" Русе Отдел Изкуство - подръчен фонд 2020-04-13 Отдел Изкуство - подръчен фонд 0.36 481238 788/К 66 Г 120000481238 0.18 Нотни издания
  Не е изгубен Universal Decimal Classification Не е повреден без рестрикции заемане за дома 761002 Регионална библиотека "Любен Каравелов" Русе Регионална библиотека "Любен Каравелов" Русе Отдел Изкуство - подръчен фонд 2020-04-13 Отдел Изкуство - подръчен фонд 0.36 481237 788/К 66 Г 120000481237 0.18 Нотни издания
  Не е изгубен Universal Decimal Classification Не е повреден само за читалня ползва се в читалня 779532 Регионална библиотека "Любен Каравелов" Русе Регионална библиотека "Любен Каравелов" Русе Хранилище 2020-06-29 Основен фонд - ползва се само за читалня 0.36 481236 Цб М ІІ 10356 900000022978 0.18 Нотни издания
Vip Innovations Ltd, Rousse, Bulgaria 2025